[Event "Pinneberg-ch 37th"]
[Site "Pinneberg"]
[Date "2019.09.05"]
[Round "5"]
[White "Iwanow, Thomas"]
[Black "Meyer, Winfried"]
[Result "1-0"]
[WhiteElo "1740"]
[BlackElo "1546"]
[PlyCount "117"]
[EventDate "2019.08.08"]
[EventType "swiss"]
[EventRounds "7"]
[EventCountry "GER"]
[SourceTitle "CBM 192 Extra"]
[Source "Chessbase"]
[SourceDate "2019.11.06"]
[SourceVersion "1"]
[SourceVersionDate "2019.11.06"]
[SourceQuality "1"]

1. d4 Nf6 2. Nf3 d5 3. c4 c6 4. e3 a6 5. Nc3 Bg4 6. h3 Bxf3 7. Qxf3 e6 8. Bd2 Nbd7 9. g3 Rc8 10. c5 b6 11. b4 Rb8 12. Qd1 bxc5 13. bxc5 Bxc5 14. dxc5 Nxc5 15. Qc2 d4 16. exd4 Qxd4 17. Be3 Qe5 18. Rd1 0-0 19. Bg2 Rbc8 20. 0-0 Nfd7 21. Bf4 Qf5 22. Qxf5 exf5 23. Rd6 Nb8 24. Rfd1 h6 25. Be3 Ne6 26. Bb6 f4 27. Ne2 fxg3 28. fxg3 Kh7 29. Nf4 Nxf4 30. gxf4 Rfe8 31. Rd8 Rexd8 32. Rxd8 Rxd8 33. Bxd8 c5 34. Ba5 Kg6 35. Be4+ Kh5 36. Bb7 Kg6 37. Kf2 Kf5 38. Kf3 Ke6 39. Bc7 Nd7 40. Bc8 g6 41. Ke4 f5+ 42. Kd3 g5 43. Kc4 g4 44. hxg4 fxg4 45. f5+ Ke7 46. Bxd7 Kxd7 47. Bg3 Kc6 48. Be5 h5 49. Bg3 Kd7 50. Kxc5 Ke7 51. Bh4+ Kf7 52. Kd5 Kg7 53. Ke4 Kh6 54. Kf4 a5 55. a4 Kg7 56. Kg5 Kh7 57. Kxh5 Kg7 58. Kxg4 Kh6 59. Bd8 1-0

[Event "Pinneberg-ch 37th"]
[Site "Pinneberg"]
[Date "2019.08.29"]
[Round "4"]
[White "Lotfifar, Azadeh"]
[Black "Meyer, Winfried"]
[Result "0-1"]
[WhiteElo "1363"]
[BlackElo "1546"]
[PlyCount "55"]
[EventDate "2019.08.08"]
[EventType "swiss"]
[EventRounds "7"]
[EventCountry "GER"]
[SourceTitle "CBM 192 Extra"]
[Source "Chessbase"]
[SourceDate "2019.11.06"]
[SourceVersion "1"]
[SourceVersionDate "2019.11.06"]
[SourceQuality "1"]

1. d4 Nf6 2. c4 e6 3. Nc3 c5 4. d5 exd5 5. cxd5 d6 6. Nf3 g6 7. Bg5 Bg7 8. e4 Nbd7 9. Be2 0-0 10. 0-0 a6 11. a3 Qc7 12. Rc1 b5 13. Na2 Nxe4 14. Qc2 Nxg5 15. Nxg5 Ne5 16. h4 Bf5 17. Qd2 Qe7 18. f4 Ng4 19. Rce1 Qe3+ 20. Qxe3 Nxe3 21. Rf3 Rae8 22. Bxb5 axb5 23. Rfxe3 Rxe3 24. Rxe3 Bd4 25. Kf2 Re8 26. Ne6 Bxe3+ 27. Kxe3 fxe6 28. dxe6 0-1

[Event "SVE Seniors op 2nd"]
[Site "Eidelstedt"]
[Date "2019.07.31"]
[Round "6"]
[White "Thielscher, Rene"]
[Black "Meyer, Winfried"]
[Result "1-0"]
[WhiteElo "1666"]
[BlackElo "1656"]
[PlyCount "141"]
[EventDate "2019.07.15"]
[EventType "swiss"]
[EventRounds "7"]
[EventCountry "GER"]
[SourceTitle "EXT 2020"]
[Source "ChessBase"]
[SourceDate "2019.10.17"]
[SourceVersion "1"]
[SourceVersionDate "2019.10.17"]
[SourceQuality "1"]

1. e4 c5 2. Nc3 Nc6 3. f4 g6 4. Nf3 Bg7 5. Be2 e6 6. 0-0 Nge7 7. d3 0-0 8. Qe1 Nd4 9. Bd1 d6 10. Ne2 Nec6 11. c3 Nxe2+ 12. Qxe2 Bd7 13. Be3 e5 14. Qd2 Bh6 15. fxe5 Bxe3+ 16. Qxe3 dxe5 17. Qxc5 Qb6 18. Qxb6 axb6 19. b4 b5 20. Bb3 Bg4 21. Bd5 Kg7 22. Bxc6 bxc6 23. Nxe5 Be2 24. Rfe1 Rfe8 25. Rxe2 Rxe5 26. Kf2 Ra3 27. Rc2 c5 28. bxc5 Rxc5 29. Rac1 b4 30. Ke2 b3 31. axb3 Rxb3 32. d4 Rh5 33. h3 f5 34. exf5 Rxf5 35. Rf1 Rg5 36. g4 Rgb5 37. Kd2 Rb7 38. Rf3 Rd7 39. Re3 Kf6 40. h4 h6 41. Kd3 Rb1 42. Rf2+ Kg7 43. g5 hxg5 44. hxg5 Rb5 45. Rg2 Rdd5 46. Reg3 Rf5 47. c4 Rb3+ 48. Kc2 Rb4 49. Kc3 Ra4 50. Rb2 Ra3+ 51. Rb3 Ra7 52. c5 Kf7 53. Kc4 Ra4+ 54. Rb4 Ra6 55. d5 Ra1 56. Rb7+ Kf8 57. Rd7 Rf4+ 58. Kb5 Rb1+ 59. Kc6 Rfb4 60. Kd6 Rh1 61. Rd8+ Kg7 62. Re3 Rf4 63. Re7+ Rf7 64. Rxf7+ Kxf7 65. c6 Ra1 66. c7 Ra6+ 67. Kd7 Ra7 68. Rb8 Kg7 69. d6 Kf7 70. Rb6 Kg7 71. Kd8 1-0

[Event "SVE Seniors op 2nd"]
[Site "Eidelstedt"]
[Date "2019.07.22"]
[Round "3"]
[White "Hecht, Horst"]
[Black "Meyer, Winfried"]
[Result "0-1"]
[WhiteElo "1279"]
[BlackElo "1656"]
[PlyCount "82"]
[EventDate "2019.07.15"]
[EventType "swiss"]
[EventRounds "7"]
[EventCountry "GER"]
[SourceTitle "EXT 2020"]
[Source "ChessBase"]
[SourceDate "2019.10.17"]
[SourceVersion "1"]
[SourceVersionDate "2019.10.17"]
[SourceQuality "1"]

1. d4 Nf6 2. c4 e6 3. a3 c5 4. e3 cxd4 5. exd4 g6 6. Nc3 Bg7 7. Nf3 a6 8. a4 0-0 9. Be2 b6 10. 0-0 Bb7 11. Re1 d5 12. b3 Nc6 13. Be3 Rc8 14. Qd2 Na5 15. Rab1 dxc4 16. bxc4 Nxc4 17. Bxc4 Rxc4 18. Ne5 Rc8 19. Bg5 h6 20. Bxh6 Bxh6 21. Qxh6 Rxc3 22. Nxg6 fxg6 23. Qxg6+ Kh8 24. Rxe6 Rg8 25. Qh6+ Nh7 26. Rg6 Rxg6 27. Qxg6 Qg8 28. Qxg8+ Kxg8 29. h3 Rc6 30. Re1 Kf7 31. f4 Rc2 32. Re3 Rxg2+ 33. Kf1 Rc2 34. Ke1 Rc4 35. Rb3 Rxa4 36. Rxb6 Bg2 37. h4 Nf6 38. Rb2 Be4 39. Rd2 Ra1+ 40. Ke2 Rh1 41. Ra2 Rh2+ 0-1

[Event "Hamburg-ch Seniors 65+"]
[Site "Hamburg"]
[Date "2018.10.31"]
[Round "1"]
[White "Kornrumpf, Joachim"]
[Black "Meyer, Winfried"]
[Result "1-0"]
[WhiteElo "2050"]
[BlackElo "1658"]
[PlyCount "95"]
[EventDate "2018.10.31"]
[EventType "swiss"]
[EventRounds "9"]
[EventCountry "GER"]
[SourceTitle "CBM 189 Extra"]
[Source "ChessBase"]
[SourceDate "2019.05.31"]
[SourceVersion "1"]
[SourceVersionDate "2019.05.31"]
[SourceQuality "1"]

1. Nf3 Nf6 2. e3 c5 3. c4 g6 4. b3 Bg7 5. Bb2 d6 6. Be2 0-0 7. Qc2 Nc6 8. a3 e6 9. d3 b6 10. Nbd2 Bb7 11. 0-0 d5 12. cxd5 exd5 13. Rac1 Rc8 14. Qb1 Ne8 15. Rfe1 Bxb2 16. Qxb2 Qf6 17. d4 Nd6 18. Ne5 Qg7 19. Nxc6 Rxc6 20. Nf3 Rfc8 21. Ne5 R6c7 22. dxc5 Rxc5 23. Rxc5 Rxc5 24. Qd4 f6 25. Nd3 Ra5 26. Nf4 Qf7 27. Bf3 Kg7 28. Rc1 Nb5 29. Qb4 Nxa3 30. Rc7 Qxc7 31. Ne6+ Kf7 32. Nxc7 Nc2 33. Qd2 Ra1+ 34. Bd1 Nb4 35. h4 a5 36. Kh2 Ra2 37. Qd4 Rxf2 38. Qxb6 Bc6 39. Bf3 g5 40. Qxa5 g4 41. Kg3 Ra2 42. Qxb4 gxf3 43. gxf3 Ra1 44. Qd6 Bb7 45. Qe6+ Kg6 46. Qe8+ Kh6 47. Ne6 Rg1+ 48. Kf2 1-0

[Event "Pinneberg-ch"]
[Site "Pinneberg"]
[Date "2018.09.13"]
[Round "5"]
[White "Kaland, Joachim"]
[Black "Meyer, Winfried"]
[Result "0-1"]
[WhiteElo "1448"]
[BlackElo "1656"]
[PlyCount "38"]
[EventDate "2018.08.16"]
[EventType "swiss"]
[EventRounds "7"]
[EventCountry "GER"]
[SourceTitle "EXT 2019"]
[Source "ChessBase"]
[SourceDate "2018.10.10"]
[SourceVersion "1"]
[SourceVersionDate "2018.10.10"]
[SourceQuality "1"]

1. e4 c5 2. f4 d5 3. e5 Nc6 4. Nf3 Bg4 5. Bb5 e6 6. 0-0 Nge7 7. Qe1 Qb6 8. c4 dxc4 9. Bxc4 Bxf3 10. Rxf3 Nd4 11. Rc3 Rd8 12. Na3 a6 13. Bd3 Nd5 14. Nc4 Qa7 15. Ra3 Nxf4 16. Qe4 Nxd3 17. Rxd3 b5 18. Na5 c4 19. Nc6 Nxc6+ 0-1

[Event "Pinneberg-ch"]
[Site "Pinneberg"]
[Date "2017.09.28"]
[Round "4"]
[White "Hadlich, Winfried"]
[Black "Meyer, Winfried"]
[Result "0-1"]
[WhiteElo "1710"]
[BlackElo "1569"]
[PlyCount "63"]
[EventDate "2017.09.07"]
[EventType "swiss"]
[EventRounds "7"]
[EventCountry "GER"]
[SourceTitle "EXT 2019"]
[Source "ChessBase"]
[SourceDate "2018.10.10"]
[SourceVersion "1"]
[SourceVersionDate "2018.10.10"]
[SourceQuality "1"]

1. d4 Nf6 2. Nf3 e6 3. Bf4 c5 4. e3 Qb6 5. Qc1 cxd4 6. exd4 Nc6 7. c3 Be7 8. Nbd2 d5 9. Bd3 Bd7 10. 0-0 Nh5 11. Be3 Qc7 12. Re1 0-0 13. Nf1 Rac8 14. Qd2 Qd8 15. Qe2 g6 16. a3 Na5 17. Ne5 Bf6 18. Ng4 Bg7 19. Nd2 f5 20. Nh6+ Kh8 21. g4 f4 22. gxh5 Bxh6 23. Nf3 fxe3 24. fxe3 Qf6 25. Rf1 Be8 26. Kh1 g5 27. Ne5 Qe7 28. Qg2 Nc6 29. Rad1 Nxe5 30. dxe5 Bf7 31. Qh3 Rg8 32. Rg1 0-1

[Event "Lueneburg op-B"]
[Site "Lueneburg"]
[Date "2017.07.11"]
[Round "4"]
[White "Meyer, Winfried"]
[Black "Krause, Holger"]
[Result "0-1"]
[WhiteElo "1714"]
[BlackElo "1638"]
[PlyCount "64"]
[EventDate "2017.07.08"]
[EventType "swiss"]
[EventRounds "9"]
[EventCountry "GER"]
[SourceTitle "CBM 179 Extra"]
[Source "ChessBase"]
[SourceDate "2017.08.23"]
[SourceVersion "1"]
[SourceVersionDate "2017.08.23"]
[SourceQuality "1"]

1. e4 e5 2. Nf3 Nf6 3. Nxe5 d6 4. Nf3 Nxe4 5. d4 d5 6. Bd3 Nc6 7. 0-0 Be7 8. c4 Nb4 9. Re1 Nxd3 10. Qxd3 c6 11. Nc3 Nxc3 12. bxc3 dxc4 13. Qe2 Be6 14. a4 0-0 15. Ba3 Bxa3 16. Rxa3 Qd6 17. Rea1 Rfe8 18. Qe5 Qd7 19. Qg3 Qe7 20. R3a2 Bd5 21. h3 Qf6 22. Ne5 Re7 23. a5 Rae8 24. Ra4 c5 25. Ng4 Qc6 26. dxc5 Re6 27. Ne3 Rg6 28. Qh2 Rxe3 29. g4 Re8 30. a6 Qxc5 31. axb7 Bxb7 32. Rxa7 Qxa7 0-1

[Event "Hamburg-ch Seniors 23rd"]
[Site "Hamburg"]
[Date "2016.11.02"]
[Round "1"]
[White "Meyer, Winfried"]
[Black "Springer, Wolfgang Wilhelm"]
[Result "1-0"]
[WhiteElo "1668"]
[BlackElo "1358"]
[PlyCount "37"]
[EventDate "2016.11.02"]
[EventType "swiss"]
[EventRounds "9"]
[EventCountry "GER"]
[SourceTitle "EXT 2019"]
[Source "ChessBase"]
[SourceDate "2018.10.10"]
[SourceVersion "1"]
[SourceVersionDate "2018.10.10"]
[SourceQuality "1"]

1. e4 e5 2. Nf3 Nc6 3. Bb5 Nf6 4. 0-0 Bd6 5. Nc3 a6 6. Bxc6 dxc6 7. d4 Bb4 8. Bg5 Bxc3 9. bxc3 Bg4 10. dxe5 Qxd1 11. Raxd1 Bxf3 12. gxf3 Nh5 13. Be3 0-0 14. Rd7 f5 15. Rfd1 fxe4 16. fxe4 Nf4 17. Bxf4 Rxf4 18. e6 Rxe4 19. Rd8+ 1-0

[Event "Hamburg-ch Seniors 22nd"]
[Site "Hamburg"]
[Date "2015.11.05"]
[Round "9"]
[White "Berking, Bernhard"]
[Black "Meyer, Winfried"]
[Result "1/2-1/2"]
[WhiteElo "1613"]
[BlackElo "1644"]
[PlyCount "119"]
[EventDate "2015.10.28"]
[EventType "swiss"]
[EventRounds "9"]
[EventCountry "GER"]
[SourceTitle "EXT 2018"]
[Source "ChessBase"]
[SourceDate "2017.10.13"]
[SourceVersion "1"]
[SourceVersionDate "2017.10.13"]
[SourceQuality "1"]

1. c4 e5 2. Nc3 Nf6 3. g3 d5 4. cxd5 Nxd5 5. Bg2 Nb6 6. Nf3 Nc6 7. 0-0 Be7 8. d3 Be6 9. Bd2 0-0 10. a3 f6 11. Be3 Nd4 12. Nd2 c6 13. b4 Nd5 14. Nxd5 Bxd5 15. Bxd5+ Qxd5 16. Bxd4 exd4 17. Qb3 Rfd8 18. f4 Kh8 19. Qxd5 Rxd5 20. f5 c5 21. bxc5 Bxc5 22. Nb3 Re8 23. Rf2 h5 24. Nxc5 Rxc5 25. Rb1 b6 26. a4 Ree5 27. Rf4 Rxf5 28. Rxd4 Rc2 29. Re4 Kh7 30. Rbb4 Rc1+ 31. Kg2 g5 32. Re3 Rff1 33. h4 g4 34. Re6 Rg1+ 35. Kf2 Rcf1+ 36. Ke3 Rxg3+ 37. Kd2 Kg6 38. Re7 Rgg1 39. Rxa7 Rb1 40. Re4 g3 41. Ree7 Rb4 42. Rg7+ Kf5 43. a5 g2 44. axb6 Rbb1 45. Ke3 Rxb6 46. Kf2 Rh1 47. Rxg2 Rxh4 48. Ra5+ Ke6 49. Ra2 Rd6 50. Rd2 Ke5 51. e3 f5 52. Ke2 Rg4 53. Kf3 Rdg6 54. Rb2 Rd6 55. d4+ Kd5 56. Rb5+ Ke6 57. Rh2 h4 58. Rb8 Kf7 59. Rb7+ Kg6 60. Rg2 1/2-1/2